IFM Opac

Student's Manual of Auditing (Record no. 7123)

MARC details
000 -LEADER
fixed length control field 00396nam a2200157Ia 4500
020 ## - INTERNATIONAL STANDARD BOOK NUMBER
International Standard Book Number 0852582374
082 ## - DEWEY DECIMAL CLASSIFICATION NUMBER
Classification number 657.45 COO
100 ## - MAIN ENTRY--PERSONAL NAME
Personal name Coopers & Lybrand
9 (RLIN) 8055
245 ## - TITLE STATEMENT
Title Student's Manual of Auditing
250 ## - EDITION STATEMENT
Edition statement 3rd ed
260 ## - PUBLICATION, DISTRIBUTION, ETC.
Place of publication, distribution, etc. London
Name of publisher, distributor, etc. Chapman & Hall
Date of publication, distribution, etc. 1985
300 ## - PHYSICAL DESCRIPTION
Extent xxxvi, 799 p.
Other physical details ill; 23 cm
500 ## - GENERAL NOTE
General note Includes Index
650 ## - SUBJECT ADDED ENTRY--TOPICAL TERM
Topical term or geographic name entry element Auditing Accounting
9 (RLIN) 8056
942 ## - ADDED ENTRY ELEMENTS (KOHA)
Koha item type Books
Holdings
Withdrawn status Lost status Damaged status Not for loan Collection code Home library Current library Shelving location Date acquired Source of acquisition Total Checkouts Full call number Barcode Date last seen Price effective from Koha item type
        Non-fiction IFM Main Campus Library IFM Main Campus Library Archival Collection 09/28/2021 Purchases   657.45 COO 0000003349 05/15/2015 02/19/2022 Books
        Non-fiction IFM Main Campus Library IFM Main Campus Library Archival Collection 09/20/2021     657.45 COO 0000003348 11/11/2015 02/19/2022 Books
        Non-fiction IFM Main Campus Library IFM Main Campus Library Archival Collection 09/20/2021     657.45 COO 0000014216 11/11/2015 02/19/2022 Books